000 01015cad a22002175a 4500
001 E154348
008 111115s2011 xxk 000 0 eng d
035 _a(Sirsi) u154348
041 0 _aeng
110 2 _aScottish Arbitration Centre
_95988
245 0 0 _aDecision in first for arbitration application for leave of appeal under the Act
_h[electronic resource]
260 _c2011
490 _aScottish Arbitration Centre News Release
520 _aDiscusses the recent judgement on the right to appeal against an arbitrator's decision due to legal errors, under the Arbitration (Scotland) Act 2010. See E154347 for the decision.
590 _aKA
650 2 4 _aARBITRATION (SCOTLAND) ACT 2010
651 4 _aScotland
_y1999-
690 _aMANAGEMENT-DISPUTE AVOIDANCE, MANAGEMENT AND RESOLUTION-DISPUTE MANAGEMENT AND RESOLUTION-ARBITRATION
856 4 0 _uhttps://www.scottisharbitrationcentre.org/index.php/archives/420
_zView the news release free of charge at www.scottisharbitrationcentre.org
942 _n0
999 _c83590
_d83590